000 00917cam a22002773a 4500
001 32034
003 PGUSA
005 20140828083707.0
008 100417s2010||||xxu|||||s|||||000 p eng d
040 _aPGUSA
_beng
042 _adc
050 4 _aPZ
100 1 _aHoffmann, Heinrich,
_d1809-1894
245 1 0 _aKönig Nußknacker und der arme Reinhold :
_bEin Kindermährchen in Bildern
_h[electronic resource] /
_cHeinrich Hoffmann
260 _bProject Gutenberg,
_c2010
506 _aPublic domain in the USA.
516 _aElectronic text
653 _aChristmas -- Juvenile poetry
653 _aChildren's poetry, German
653 _aWit and humor, Juvenile
653 _aConduct of life -- Juvenile poetry
740 0 _aKönig Nussknacker und der arme Reinhold Ein Kindermährchen in Bildern
830 0 _aProject Gutenberg
_v32034
856 4 0 _uhttp://www.gutenberg.org/ebooks/32034
942 _cEB
999 _c261289
_d261289